|
|
|
|
| LEADER |
01202nam a2200313 4500 |
| 001 |
c000137932 |
| 003 |
CARM |
| 005 |
00000000000000.0 |
| 008 |
740909s1973 ne b f00000 eng |
| 015 |
|
|
|a Ne***
|
| 019 |
1 |
|
|a 332827
|z 9712530
|z 58054739
|5 LACONCORD2021
|
| 020 |
|
|
|a 901200201X
|
| 035 |
|
|
|a (OCoLC)1055815
|5 LACONCORD2021
|
| 041 |
1 |
|
|a engdut
|
| 043 |
|
|
|a e-ne---
|
| 050 |
0 |
0 |
|a HE69
|b .D46 1973
|
| 110 |
1 |
0 |
|a Netherlands.
|b Ministerie van Verkeer en Waterstaat.
|
| 245 |
1 |
0 |
|a TP 2000;
|b a projection on to the year 2000,
|c compiled by the Ministry of Transport and Public Works of the Netherlands.
|
| 260 |
1 |
|
|a The Hague,
|c 1973.
|
| 300 |
|
|
|a 162 p.
|c 21 cm.
|
| 500 |
|
|
|a Translated from the Dutch.
|
| 504 |
|
|
|a Includes bibliographical references.
|
| 610 |
1 |
0 |
|a Netherlands.
|b Ministerie van Verkeer en Waterstaat.
|
| 650 |
|
0 |
|a Transportation and state
|z Netherlands.
|
| 650 |
|
0 |
|a Reclamation of land
|z Netherlands.
|
| 852 |
8 |
|
|b CARM
|h A2:AE29C4
|i D00129
|p 0010968
|f BK
|
| 082 |
0 |
4 |
|a 380.5/09492
|
| 999 |
f |
f |
|i 6ef981d7-81a9-5e3c-9272-1597e95e850b
|s c231b786-7267-514a-bbc1-5aedd7d142e8
|
| 952 |
f |
f |
|p Can circulate
|a CAVAL
|b CAVAL
|c CAVAL
|d CARM 1 Store
|e D00129
|f A2:AE29C4
|h Other scheme
|i book
|m 0010968
|